Guess The Flag - Statistics

General Stats
  • This quiz has been taken 264 times
  • The average score is 40 of 45
Answer Stats
Question Tile Select % Correct
Thailand No
95%
South Korea No
95%
South Korea No
95%
South Korea No
95%
South Korea No
95%
South Korea No
95%
Thailand No
94%
Thailand No
94%
Thailand No
94%
South Korea No
94%
Thailand No
93%
South Korea No
93%
North Macedonia No
93%
USA No
92%
USA No
92%
USA No
92%
USA No
92%
USA No
92%
Thailand No
92%
North Macedonia No
92%
North Macedonia No
92%
North Macedonia No
92%
North Macedonia No
92%
Monaco No
92%
USA No
91%
Thailand No
91%
North Macedonia No
91%
USA No
90%
Thailand No
90%
USA No
89%
USA Yes
88%
Monaco No
88%
Monaco No
88%
Monaco No
87%
Monaco No
86%
South Korea No
83%
North Macedonia No
83%
Monaco No
83%
Monaco No
83%
Thailand Yes
82%
South Korea Yes
81%
North Macedonia No
81%
Monaco No
76%
North Macedonia Yes
65%
Monaco Yes
40%
No matching quizzes found
Score Distribution
Percent of People with Each Score
Percentile by Number Answered
Your Score History
You have not taken this quiz